Biblioteca

El uso de imágenes en la evangelización (Registro nro. 52086)

Detalles MARC
000 -LÍDER
Campo fijo de descripción fija 00987aab a2200217 4500
001 - NÚMERO DE CONTROL
Campo de control 768714001
003 - IDENTIFICADOR DEL NÚMERO DE CONTROL
Campo de control CO-MdFUSB
005 - FECHA Y HORA DE LA ULTIMA TRANSACCIÓN
control field 20250804142643.0
008 - ELEMENTOS DE LONGITUD FIJA -- INFORMACIÓN GENERAL
Campo fijo de descripción fija -- Información general 240422t1994 ag ||||| |||| 00| 0 spa d
040 ## - FUENTE DE CATALOGACIÓN
Idioma de catalogación spa
Agencia que realiza la transcripción CO-MdFUSB
041 ## - CÓDIGO DE IDIOMA
Código de idioma para texto/pista de sonido o título separado spa
100 1# - ASIENTO PRINCIPAL--NOMBRE PERSONAL
Nombre personal Farías Powell, Marcelo
Término relacionador autor
245 #3 - TÍTULO
Título El uso de imágenes en la evangelización
Mención de responsabilidad / Marcelo Farías Powell
300 ## - DESCRIPCIÓN FÍSICA
Extensión Volumen 13, número 3 (julio - septiembre, 1994), página: 7
Dimensiones ; 27 cm
520 ## - NOTA DE RESUMEN, ETC.
Nota de sumario, etc. Dado el estado actual de las cosas en el que todos estamos interconectados, el autor sintió la necesidad de articular los principios del Reino de Dios de maneras contrastantes y explorar posibilidades creativas con los medios de comunicación existentes.
650 #0 - ASIENTO SECUNDARIO DE MATERIA - TERMINO TEMÁTICO
Término temático o nombre geográfico como elemento de entrada Comunicación (Teología)
9 (RLIN) 1244
650 #7 - ASIENTO SECUNDARIO DE MATERIA - TERMINO TEMÁTICO
Término temático o nombre geográfico como elemento de entrada Cristianismo y cultura
Subdivisión cronológica S.XX
9 (RLIN) 6967
773 0# - ASIENTO DE ITEM FUENTE
Título Iglesia y Misión
Biblionumber 49402
Itemnumber 59646
Parte(s) relacionada(s) / Volumen., número. (mes año), páginas Volumen 13, número 3 (julio - septiembre, 1994), página: 7
Enumeración y primera página página: 7
942 ## - TIPO DE MATERIAL (KOHA)
Tipo de Item KOHA Artículos de Revista
945 ## - INFORMACIÓN LOCAL DEL REGISTRO
Catalogador JTF-925

No hay ítems disponibles.

Biblioteca FUSBC | Teléfono: (57+4) 349 88 10 Ext. 141| WhatsApp (+57) 3005338115 
E-mail: biblioteca@unisbc.edu.co | Calle 76 87-14 Robledo Palenque, Medellín, Colombia

Con tecnología Koha